Kỹ thuật soạn thảo hợp đồng kinh tế, hợp đồng thương mại

Những khái niệm, lý luận chung về hợp đồng kinh tế, hợp đồng thương mại, các mẫu hợp đồng trong thực tiễn hoạt động sản xuất kinh doanh (kể cả hợp đồng nghiên cứu khoa học và triển khai kỹ thuật). Các văn bản pháp luật quốc tế và nh...

Szczegółowa specyfikacja

Zapisane w:
Opis bibliograficzny
1. autor: Phạm, Thanh Phấn
Format: Książka
Język:Undetermined
Wydane: Hà Nội Thống kê 1998
Hasła przedmiotowe:
Etykiety: Dodaj etykietę
Nie ma etykietki, Dołącz pierwszą etykiete!
Thư viện lưu trữ: Trung tâm Học liệu Trường Đại học Cần Thơ
LEADER 01154nam a2200205Ia 4500
001 CTU_28484
008 210402s9999 xx 000 0 und d
020 |c 40000 
082 |a 346.02 
082 |b Ph121/1998 
100 |a Phạm, Thanh Phấn 
245 0 |a Kỹ thuật soạn thảo hợp đồng kinh tế, hợp đồng thương mại 
245 0 |c Phạm Thanh Phấn, Nguyễn Huy Anh 
260 |a Hà Nội 
260 |b Thống kê 
260 |c 1998 
520 |a Những khái niệm, lý luận chung về hợp đồng kinh tế, hợp đồng thương mại, các mẫu hợp đồng trong thực tiễn hoạt động sản xuất kinh doanh (kể cả hợp đồng nghiên cứu khoa học và triển khai kỹ thuật). Các văn bản pháp luật quốc tế và nhà nước ta liên quan đến soạn thảo và ký kết các hợp đồng thương mại kinh tế 
650 |a Contracts 
904 |i Nguyễn Quang Điền, 990129 (Nguyên sửa) 
980 |a Trung tâm Học liệu Trường Đại học Cần Thơ